[Event "London Golders Green op U2200 5th"]
[Site "London"]
[Date "2015.01.17"]
[Round "1"]
[White "Eden, Tomer"]
[Black "Prior, Stephen"]
[Result "1-0"]
[WhiteElo "2175"]
[BlackElo "2024"]
[PlyCount "75"]
[EventDate "2015.01.17"]
[EventType "swiss"]
[EventRounds "5"]
[EventCountry "ENG"]
[SourceTitle "EXT 2018"]
[Source "ChessBase"]
[SourceDate "2017.10.13"]
[SourceVersion "1"]
[SourceVersionDate "2017.10.13"]
[SourceQuality "1"]

1. Nf3 Nf6 2. d4 d5 3. g3 c6 4. Bg2 Bg4 5. 0-0 Nbd7 6. c4 e6 7. Qb3 Qb6 8. c5 Qa6 9. Nc3 b6 10. cxb6 Qxb6 11. Qa4 Be7 12. Ne5 Rc8 13. e4 Nxe5 14. dxe5 Nxe4 15. Nxe4 dxe4 16. Bxe4 Be2 17. Re1 Bb5 18. Qc2 h6 19. Be3 c5 20. b4 0-0 21. a4 Ba6 22. b5 Bb7 23. Reb1 Bxe4 24. Qxe4 a5 25. Rc1 Rfd8 26. Rc4 Rd5 27. Rac1 Bf8 28. Kg2 Qc7 29. f4 Qb6 30. h4 h5 31. f5 Qc7 32. Bf4 Qd7 33. f6 gxf6 34. exf6 Bd6 35. Bg5 Qc7 36. Qf3 Rd8 37. Qxh5 Bxg3 38. Rg4 1-0

[Event "Hampstead op U2200 04"]
[Site "Hampstead"]
[Date "2013.04.21"]
[Round "4"]
[White "Eden, Tomer"]
[Black "Dydak, Mateusz"]
[Result "1-0"]
[WhiteElo "2185"]
[BlackElo "1924"]
[PlyCount "113"]
[EventDate "2013.04.20"]
[EventType "swiss"]
[EventRounds "5"]
[EventCountry "ENG"]
[SourceTitle "EXT 2014"]
[Source "ChessBase"]
[SourceDate "2013.11.20"]
[SourceVersion "1"]
[SourceVersionDate "2013.11.20"]
[SourceQuality "1"]

1. b3 d5 2. Bb2 Nf6 3. Nf3 Bg4 4. d3 Bxf3 5. exf3 e6 6. g3 Nbd7 7. Bg2 c6 8. 0-0 Be7 9. f4 Qc7 10. Nd2 0-0 11. Re1 Bc5 12. Nf3 a5 13. Ne5 Rfe8 14. Bh3 Qb6 15. Re2 Nxe5 16. fxe5 Nd7 17. d4 Bf8 18. c4 Qd8 19. a4 Nb6 20. Qc2 c5 21. dxc5 Bxc5 22. cxd5 Rc8 23. dxe6 fxe6 24. Qe4 Nd5 25. Bxe6+ Rxe6 26. Rd1 Qe7 27. Rxd5 b6 28. Bd4 Bb4 29. Kg2 g6 30. Rc2 Rf8 31. f4 Qb7 32. Re2 Qc6 33. Bf2 Rc8 34. Rd3 Qxe4+ 35. Rxe4 Rc2 36. Kf3 h5 37. h3 Rc7 38. Red4 Ree7 39. Rd8+ Kf7 40. Bxb6 Rb7 41. Be3 Rec7 42. g4 hxg4+ 43. hxg4 Rc3 44. Rxc3 Bxc3 45. Rd3 Bb4 46. Ke4 Be7 47. Bd2 Bb4 48. f5 Bxd2 49. Rxd2 gxf5+ 50. gxf5 Rb4+ 51. Rd4 Rxb3 52. Rd7+ Ke8 53. e6 Rb4+ 54. Ke5 Rh4 55. f6 Rxa4 56. f7+ Kf8 57. Rd8+ 1-0

[Event "Hampstead U2200 op 2nd"]
[Site "London"]
[Date "2012.11.24"]
[Round "4"]
[White "Eden, Tomer"]
[Black "Prior, Stephen"]
[Result "0-1"]
[WhiteElo "2178"]
[BlackElo "1993"]
[PlyCount "56"]
[EventDate "2012.11.24"]
[EventType "swiss"]
[EventRounds "5"]
[EventCountry "ENG"]
[SourceTitle "EXT 2019"]
[Source "ChessBase"]
[SourceDate "2018.10.10"]
[SourceVersion "1"]
[SourceVersionDate "2018.10.10"]
[SourceQuality "1"]

1. d4 d5 2. Nf3 Nf6 3. c4 c6 4. Qc2 g6 5. Bf4 Bg7 6. e3 0-0 7. h3 Nbd7 8. Nc3 a6 9. cxd5 cxd5 10. Be2 b5 11. a4 b4 12. Na2 a5 13. Bc7 Qe8 14. Nc1 Ne4 15. Nb3 e5 16. 0-0 exd4 17. exd4 Ndf6 18. Bxa5 Bf5 19. Qd1 Qe7 20. Ne5 Rfc8 21. Bb5 Nh5 22. Nc6 Qh4 23. Bxb4 Bxh3 24. Qf3 Ng5 25. Qxd5 Nf4 26. g3 Qg4 27. Ne7+ Kh8 28. Bd7 Nf3+ 0-1

[Event "BCF-chT3 1112 (4NCL)"]
[Site "England"]
[Date "2012.05.06"]
[Round "10.127"]
[White "Eden, Tomer"]
[Black "Burke, Steven J"]
[Result "0-1"]
[WhiteElo "2188"]
[BlackElo "2046"]
[PlyCount "118"]
[EventDate "2011.11.12"]
[EventType "team-swiss"]
[EventRounds "11"]
[EventCountry "ENG"]
[SourceTitle "EXT 2013"]
[Source "ChessBase"]
[SourceDate "2012.11.22"]
[SourceVersion "1"]
[SourceVersionDate "2012.11.22"]
[SourceQuality "1"]
[WhiteTeam "British Universities CA"]
[BlackTeam "e2e4.org.uk III"]
[WhiteTeamCountry "ENG"]
[BlackTeamCountry "ENG"]

1. d4 g6 2. c4 Bg7 3. Nc3 c5 4. d5 Bxc3+ 5. bxc3 f5 6. h4 Nf6 7. h5 Rg8 8. hxg6 hxg6 9. Nf3 Qa5 10. Bd2 d6 11. Ng5 Nbd7 12. f4 Nb6 13. e3 Bd7 14. Bd3 0-0-0 15. Kf2 Rde8 16. Qb3 e5 17. Rab1 exf4 18. exf4 Ba4 19. Qb2 Qa6 20. Rh3 Ng4+ 21. Kg1 Re7 22. Qc1 Nxc4 23. Be1 b5 24. Bxc4 bxc4 25. Ne6 Rb7 26. Bh4 Rxb1 27. Qxb1 Bd7 28. Bg5 Qb7 29. Qxb7+ Kxb7 30. Rh7 Kc8 31. Rf7 Re8 32. Be7 Bxe6 33. dxe6 Kc7 34. Bf8+ Kc6 35. e7 Rb8 36. Kf1 Ne3+ 37. Ke2 Nd5 38. Rg7 Re8 39. Kd2 Nxf4 40. g3 Nd5 41. Rxg6 Nxe7 42. Rf6 Kd7 43. Bxe7 Kxe7 44. Rxf5 Rf8 45. Rh5 Rf2+ 46. Ke3 Rxa2 47. Ke4 Rd2 48. Rh7+ Kf6 49. Rxa7 Rd3 50. Ra3 Kg5 51. Ra8 Rxc3 52. Rg8+ Kf6 53. Kd5 Rd3+ 54. Kxc4 Rd4+ 55. Kc3 Kf5 56. Re8 Rg4 57. Rf8+ Ke4 58. Re8+ Kd5 59. Re3 Kc6 0-1

[Event "BCF-chT3S 1112 (4NCL)"]
[Site "England"]
[Date "2012.01.15"]
[Round "4.3"]
[White "Eden, Tomer"]
[Black "Taylor, Mark V"]
[Result "1-0"]
[WhiteElo "2188"]
[BlackElo "2149"]
[PlyCount "37"]
[EventDate "2011.11.12"]
[EventType "team-swiss"]
[EventRounds "6"]
[EventCountry "ENG"]
[SourceTitle "EXT 2013"]
[Source "ChessBase"]
[SourceDate "2012.11.22"]
[SourceVersion "1"]
[SourceVersionDate "2012.11.22"]
[SourceQuality "1"]
[WhiteTeam "British Universities CA"]
[BlackTeam "Leeds University Old Boys"]
[WhiteTeamCountry "ENG"]
[BlackTeamCountry "ENG"]

1. d4 e6 2. Nf3 f5 3. g3 Nf6 4. Bg2 Be7 5. 0-0 0-0 6. c4 a5 7. Nc3 Ne4 8. Nxe4 fxe4 9. Ne1 d5 10. Nc2 c5 11. dxc5 Bxc5 12. Be3 Bxe3 13. Nxe3 d4 14. Nc2 d3 15. exd3 exd3 16. Ne1 Qd4 17. Nxd3 e5 18. Qe2 Bg4 19. Qe3 1-0

[Event "BCF-chT3 1011 (4NCL)"]
[Site "England"]
[Date "2011.03.27"]
[Round "8.41"]
[White "Eden, Tomer"]
[Black "Sedgwick, David"]
[Result "1-0"]
[WhiteElo "2188"]
[BlackElo "2044"]
[PlyCount "45"]
[EventDate "2010.11.06"]
[EventType "team-swiss"]
[EventRounds "9"]
[EventCountry "ENG"]
[SourceTitle "EXT 2012"]
[Source "ChessBase"]
[SourceDate "2011.11.24"]
[SourceVersion "1"]
[SourceVersionDate "2011.11.24"]
[SourceQuality "1"]
[WhiteTeam "British Universities CA"]
[BlackTeam "Channel Isolani"]
[WhiteTeamCountry "ENG"]
[BlackTeamCountry "ENG"]

1. b3 e5 2. Bb2 Nc6 3. e3 Nf6 4. Bb5 d6 5. d4 exd4 6. Qxd4 a6 7. Bxc6+ bxc6 8. Nc3 Be7 9. Nf3 0-0 10. 0-0-0 Bf5 11. h3 Nd7 12. g4 Bg6 13. Nd5 f6 14. Nxe7+ Qxe7 15. Nh4 Bf7 16. Nf5 Qe6 17. Qa4 c5 18. Qc6 a5 19. Qxc7 d5 20. Rxd5 Qe4 21. Rhd1 Bxd5 22. Rxd5 Ne5 23. Qxg7# 1-0

[Event "London Classic op"]
[Site "London"]
[Date "2010.12.10"]
[Round "3"]
[White "Eden, Tomer"]
[Black "Barton, R Alan"]
[Result "1-0"]
[WhiteElo "2182"]
[BlackElo "2103"]
[PlyCount "99"]
[EventDate "2010.12.08"]
[EventType "swiss"]
[EventRounds "9"]
[EventCountry "ENG"]
[SourceTitle "CBM 139 Extra"]
[Source "ChessBase"]
[SourceDate "2011.01.05"]
[SourceVersion "1"]
[SourceVersionDate "2011.01.05"]
[SourceQuality "1"]

1. b3 d6 2. Bb2 Nd7 3. g3 Ngf6 4. Bg2 g6 5. d3 Bg7 6. Nf3 0-0 7. 0-0 e5 8. c4 Nh5 9. Nc3 f5 10. e4 f4 11. d4 exd4 12. Nxd4 Ne5 13. Qd2 f3 14. Bh1 Bh3 15. Rfd1 Qd7 16. Nd5 Rf7 17. Rac1 c6 18. Ne3 c5 19. Nb5 Nf4 20. gxf4 Rxf4 21. Qd5+ Nf7 22. Bxg7 Rg4+ 23. Bg2 Rxg2+ 24. Nxg2 Qg4 25. Kf1 Kxg7 26. Nxd6 Qxg2+ 27. Ke1 Qg1+ 28. Kd2 Qxf2+ 29. Kc3 Qe3+ 30. Kb2 Nxd6 31. Qe5+ Kh6 32. Qg3 Qe2+ 33. Ka1 Bg2 34. Qh4+ Kg7 35. Rxd6 Rf8 36. Rd7+ Rf7 37. Rcd1 Qxd1+ 38. Rxd1 f2 39. Qg3 f1Q 40. Rxf1 Bxf1 41. Qe5+ Kh6 42. Qxc5 b6 43. Qe3+ Kh5 44. e5 Kg4 45. e6 Re7 46. Qe4+ Kh3 47. Qf3+ Kxh2 48. Qf2+ Bg2 49. Qh4+ Bh3 50. Qxe7 1-0

[Event "Las Vegas National op"]
[Site "Las Vegas"]
[Date "2010.06.11"]
[Round "2"]
[White "Eden, Tomer"]
[Black "Khachiyan, Melikset"]
[Result "0-1"]
[WhiteElo "2197"]
[BlackElo "2539"]
[PlyCount "78"]
[EventDate "2010.06.11"]
[EventType "swiss"]
[EventRounds "6"]
[EventCountry "USA"]
[SourceTitle "CBM 136 Extra"]
[Source "ChessBase"]
[SourceDate "2010.07.02"]
[SourceVersion "2"]
[SourceVersionDate "2010.07.15"]
[SourceQuality "1"]

1. Nf3 c5 2. c4 Nc6 3. Nc3 g6 4. g3 Nd4 5. Bg2 Nxf3+ 6. Bxf3 Bg7 7. Qc2 Nh6 8. b3 Nf5 9. e3 0-0 10. Bb2 d6 11. h4 h5 12. Nd5 e5 13. 0-0-0 Rb8 14. d3 b5 15. Nc3 b4 16. Nd5 a5 17. Qe2 Ne7 18. Qf1 a4 19. Kc2 f5 20. Nxe7+ Qxe7 21. Bd5+ Kh7 22. Qg2 Bd7 23. Rhe1 Rfe8 24. Qh1 Bf6 25. Rd2 Rb6 26. e4 f4 27. Rde2 Qg7 28. Rg1 Ra6 29. f3 fxg3 30. Rxg3 Re7 31. Reg2 Be8 32. Qg1 axb3+ 33. axb3 Ra2 34. Kb1 Rea7 35. Be6 Qe7 36. Bh3 Qb7 37. Rxg6 Bxg6 38. Rxg6 Qa8 39. Qc1 Ra1+ 0-1

[Event "BCF-chT2c 0910 (4NCL) Promotion pool"]
[Site "England"]
[Date "2010.05.02"]
[Round "10.4"]
[White "Eden, Tomer"]
[Black "Rudolf, Anna"]
[Result "1/2-1/2"]
[WhiteElo "2197"]
[BlackElo "2293"]
[PlyCount "81"]
[EventDate "2009.10.24"]
[EventType "team-tourn"]
[EventRounds "4"]
[EventCountry "ENG"]
[SourceTitle "EXT 2010"]
[Source "ChessBase"]
[SourceDate "2010.11.25"]
[SourceVersion "1"]
[SourceVersionDate "2010.11.25"]
[SourceQuality "1"]
[WhiteTeam "e2e4.org.uk"]
[BlackTeam "Sambuca Sharks"]
[WhiteTeamCountry "ENG"]
[BlackTeamCountry "ENG"]

1. c4 e5 2. Nc3 Nf6 3. g3 d5 4. cxd5 Nxd5 5. Bg2 Nb6 6. Nf3 Nc6 7. d3 Be7 8. 0-0 0-0 9. a3 Be6 10. Qc2 Nd4 11. Nxd4 exd4 12. Ne4 Bd5 13. b4 a5 14. Bf4 c6 15. Nc5 Bxg2 16. Kxg2 Nd5 17. Bd2 axb4 18. axb4 b6 19. Rxa8 Qxa8 20. Nb3 Bxb4 21. Nxd4 c5 22. Nf3 Bxd2 23. Qxd2 f5 24. Qb2 h6 25. Ra1 Qb7 26. Qa2 Re8 27. Kf1 Qf7 28. Qc4 Kh7 29. Ra2 Qe6 30. Rb2 f4 31. Kg1 Kh8 32. d4 Rc8 33. dxc5 Rxc5 34. Qd3 fxg3 35. hxg3 Qh3 36. Rc2 Ra5 37. Rc1 Nf4 38. gxf4 Rh5 39. Qd8+ Kh7 40. Qd3+ Kh8 41. Qd8+ 1/2-1/2